000 01834nam a22002057a 4500
005 20260209142913.0
008 260128b ||||| |||| 00| 0 eng d
040 _cSSBUL
041 _aEnglish
082 _223
_bT-52 Ph.D.
100 0 _aThi Thi Lwin.
_b4 PhD-Hist-10
_965820
245 1 0 _aEconomic History of Wetlet Township(1948-1974) /
_cThi Thi Lwin.
260 _aMandalay :
_b University of Mandalay,
_c2013.
300 _axxxi, 205 p.
_bincludes maps,photographs,sketchs and tables.
_c29 cm.
502 _aWetlet is in fact a microcosm of the nation,and all happenings in the macro world reflect Wetlet in all aspects of the panorama.The disseration presented an analysis of experimentation of the newly framed constitution under suoeremacy of the people's mandate.In restrospect Wetlet was chosen because it was a place of ancient society lived in Hanlin.This historical background provided an introduction.The economic conditions discussed on the state of the Wetlet economy,production and sale of paddy as subsistence and cash crop.The agriculture sector,the maiini life line of Wetlet economy had also greatly contributed to major businesses.The Industrial spectrum touches on the agriculture industry.Trade and commerce sector was basic on the local trade.Roads and communication were fairly improved due to some improvements in trade and commerce.The disserstion concludes with the reviews and critical summary on the entire disseration.
_bPh.D.
_cUniversity of Mandalay.
_d2013.
504 _aincludes bibliography.
505 _aContents Introduction Chapters 1.Historical Background 2.Agriculture 3.Industry and Handicraft 4.Trade and Commerce
_rThi Thi Lwin.
_tEconomic History of Wetlet Township(1948-1974).
650 _aEconomic conditions
_y(1948-1974).
_zWetlet, Myanmar
_965821
_xHistory
942 _2ddc
_cREF
999 _c47340
_d47340